000 00835nam a2200229 a 4500
001 54432
003 BD-RjUL
005 20211209080123.0
008 161106s1991 bg ||||| |||| 00| 0 ben d
020 _a9844013801
_c: TK 30.00
035 _a(BD-RjUL)54554
040 _aBD-RjUL
_bben
_cBD-RjUL
041 _aben
082 _223
_a954.9204
_bRAJ 1991
100 _a রহমান, আতিকুর
_9122545
245 1 0 _aজাতির পিতা ও পতাকা কাহিনী /
_cআতিকুর রহমান
260 _aঢাকা :
_bআগামী প্রকাশনী,
_c১৯৯১
300 _a৪৭ পৃ. :
_bচিত্র ;
_c২১ সেমি.
651 _aবাংলাদেশ
_xইতিহাস
_9248508
651 _aBangladesh
_xHistory
_9248509
942 _2ddc
_cBK
999 _c54432
_d54432